| 000 | 00760nam a2200205Ia 4500 | ||
|---|---|---|---|
| 001 | 9537 | ||
| 003 | GE_BSU | ||
| 008 | 181216s||||||||xx |||||||||||||| ||und|| | ||
| 040 | _cGE_BSU | ||
| 080 | _a821.353.1–31+821.353.1-4 | ||
| 100 | _aმაღრაძე,ელგუჯა | ||
| 245 | _aსაკურთხეველთან:რომანები,ესეები | ||
| 245 | _cრედ.ნ.აბესაძე,მხატვ.ზ.ფორჩხიძე | ||
| 260 | _aთბილისი | ||
| 260 | _bსაბჭოთა საქართველო | ||
| 260 | _c1986 | ||
| 300 | _a766გვ.ილ.21სმ. | ||
| 653 | _aსაკურთხეველთან:რომანები,ესეები | ||
| 942 | _cBK | ||
| 999 |
_c42831 _d42831 |
||